Normal view
MARC view
- Ciudad de México
Entry Nombre Geográfico
001 - NÚMERO DE CONTROL
- campo de control: 27287
003 - IDENTIFICADOR DE NUMERO DE CONTROL
- campo de control: UPN
005 - FECHA Y HORA DE LA ÜLTIMA TRANSACCIÓN
- campo de control: 20230919191422.0
008 - DATOS DE LONGITUD FIJA
- campo de control de longitud fija: 230606n||acnnnaabn | ana |d
035 ## - NÚMERO DE CONTROL
- Número de control: UPN10000027296
040 ## - FUENTE DE CATALOGACIÓN
- Agencia de catalogación original: MX-MxUPN
- Lenguaje de catalogación: spa
- Agencia de transcripción: MX-MxUPN
151 ## - ENCABEZAMIENTO - NOMBRE GEOGRÁFICO
- Nombre geográfico: Ciudad de México
450 ## - VER DESDE EL RASTREO--TÉRMINO TÓPICO
- Control subfield: nno
- Topical term or geographic name entry element: México (Ciudad)
551 ## - VER TAMBIÉN DESDE EL RASTREO--NOMBRE GEOGRÁFICO
- Geographic name: Distrito Federal (México)
- Control subfield: nno
670 ## - FUENTE EN LA QUE SE LOCALIZARON DATOS
- Cita de la fuente: Librunam autoridades, 6 junio 2023:
- Uniform Resource Identifier: (Ciudad de México)
680 ## - NOTA GENERAL DEL PÚBLICO
- Explanatory text: En virtud de que con fecha 5 de Febrero de 2017, se publicó en el Diario Oficial de la Federación, el Decreto por el que se declaran Reformadas y Derogadas diversas disposiciones de la Constitución Política de los Estados Unidos Mexicanos, en materia de la Reforma Política de la Ciudad de México, dejará de usarse el nombre de Distrito Federal por el de Ciudad de Méxcio.
902 ## - CATALOGADOR
- Catalogador: EMR/200319
